[Event "2025 Welsh Open"]
[Site "Mercure Cardiff North Hotel, Circle Way East, Llanedeyrn, Cardiff CF23 9XF"]
[Date "2025.04.20"]
[Round "5"]
[Board "1"]
[White "Sipho, Donovan"]
[Black "De La Cruz Loredo, Ivan"]
[Result "0-1"]
[WhiteElo "1787"]
[BlackElo "2079"]
[PlyCount "94"]
[GameId "2191927922998074"]
[EventDate "2025.04.18"]
[EventRounds "7"]
[EventCountry "WLS"]

1. c4 c5 2. Nc3 Nc6 3. e3 e5 4. Nge2 Nf6 5. d4 d6 6. dxc5 dxc5 7. Qxd8+ Kxd8 8. Bd2 Be6 9. Ng3 Bd6 10. Nce4 Ke7 11. Nxd6 Kxd6 12. O-O-O Ke7 13. Be2 Rhd8 14. Bc3 Bg4 15. f3 Be6 16. h3 Rab8 17. Rhf1 Ne8 18. Ne4 b6 19. Ng5 f6 20. Nxe6 Kxe6 21. f4 e4 22. f5+ Ke7 23. Rf4 Nd6 24. g4 a6 25. Rd5 Rbc8 26. a4 Re8 27. h4 Nb4 28. Kb1 Nxd5 29. cxd5 b5 30. axb5 axb5 31. Ba5 Kd7 32. g5 b4 33. gxf6 gxf6 34. b3 Re5 35. Kc2 Ra8 36. Bb6 Ra2+ 37. Kd1 Rxd5+ 38. Ke1 Kc6 39. Bd8 Nxf5 40. Bxf6 Nxe3 41. Rxe4 Nc2+ 42. Kf2 Rf5+ 43. Kg3 Rxf6 44. Re7 Nd4 45. Bg4 h5 46. Bd7+ Kd6 47. Rh7 Rf3# 0-1

[Event "2025 Welsh Open"]
[Site "Mercure Cardiff North Hotel, Circle Way East, Llanedeyrn, Cardiff CF23 9XF"]
[Date "2025.04.20"]
[Round "5"]
[Board "2"]
[White "Van Veelen, Thomas"]
[Black "Turner, George"]
[Result "1-0"]
[WhiteElo "2055"]
[BlackElo "1975"]
[PlyCount "111"]
[GameId "2191927923002171"]
[EventDate "2025.04.18"]
[EventRounds "7"]
[EventCountry "WLS"]

1. d4 Nf6 2. c4 g6 3. g3 Bg7 4. Bg2 c5 5. d5 d6 6. Nf3 b5 7. cxb5 a6 8. bxa6 Bxa6 9. Nc3 O-O 10. O-O Nbd7 11. Qc2 Qa5 12. Rd1 Rfb8 13. Rb1 Ng4 14. Bd2 Qd8 15. b3 Ra7 16. h3 Nge5 17. Ne1 Nb6 18. a4 Nc8 19. e4 Rab7 20. f4 Nd7 21. Bf1 Bxf1 22. Kxf1 Na7 23. Nf3 Qa5 24. Na2 Qa6+ 25. Kf2 Nb6 26. Bc3 Bxc3 27. Nxc3 Nd7 28. Nd2 Nc8 29. Nb5 Na7 30. Na3 Nc8 31. Nac4 Ndb6 32. a5 Nxc4 33. Nxc4 Na7 34. Qd3 Nb5 35. Ra1 Nd4 36. Nb6 Qxd3 37. Rxd3 Nc2 38. Ra4 Nb4 39. Rd2 Kf8 40. Kf3 h6 41. e5 Rd8 42. g4 Kg7 43. Ke4 Kf8 44. h4 Kg7 45. e6 fxe6 46. dxe6 Nc6 47. Kd5 Nxa5 48. Rxa5 Rxb6 49. Ra7 Kf8 50. f5 gxf5 51. gxf5 Rdb8 52. f6 exf6 53. Rf7+ Kg8 54. Rg2+ Kh8 55. e7 Rxb3 56. Rgg7 1-0

[Event "2025 Welsh Open"]
[Site "Mercure Cardiff North Hotel, Circle Way East, Llanedeyrn, Cardiff CF23 9XF"]
[Date "2025.04.20"]
[Round "5"]
[Board "3"]
[White "Tapp, James"]
[Black "Thomas, Mark"]
[Result "1-0"]
[WhiteElo "1986"]
[BlackElo "1898"]
[PlyCount "65"]
[GameId "2191927923006268"]
[EventDate "2025.04.18"]
[EventRounds "7"]
[EventCountry "WLS"]

1. d4 b6 2. Nf3 e6 3. e4 Bb7 4. Bd3 c5 5. c3 cxd4 6. cxd4 Nf6 7. Qe2 d6 8. O-O Be7 9. Nc3 a6 10. Rd1 b5 11. a3 Nbd7 12. Bf4 Qb6 13. h3 h6 14. b4 Rc8 15. Rdc1 Qa7 16. d5 e5 17. Be3 Qb8 18. Nd2 Bd8 19. a4 O-O 20. axb5 axb5 21. Ba7 Qa8 22. Be3 Qb8 23. Nxb5 Rxc1+ 24. Rxc1 Bb6 25. Bxb6 Nxb6 26. Nb3 Ba6 27. Na5 Rc8 28. Nc6 Bxb5 29. Bxb5 Qc7 30. Ra1 Ra8 31. Ra5 Re8 32. Ra7 Qc8 33. Ba6 1-0

[Event "2025 Welsh Open"]
[Site "Mercure Cardiff North Hotel, Circle Way East, Llanedeyrn, Cardiff CF23 9XF"]
[Date "2025.04.20"]
[Round "5"]
[Board "5"]
[White "Gibbs, Dominic V"]
[Black "Browse, Joseph"]
[Result "1-0"]
[WhiteElo "1961"]
[BlackElo "1804"]
[PlyCount "47"]
[GameId "2191927923006269"]
[EventDate "2025.04.18"]
[EventRounds "7"]
[EventCountry "WLS"]

1. e4 c6 2. d4 d5 3. exd5 cxd5 4. c4 Nf6 5. Nc3 Nc6 6. Bf4 a6 7. c5 g6 8. Nf3 Bg7 9. Ne5 Nxe5 10. Bxe5 O-O 11. Be2 Bf5 12. O-O Ne4 13. Bxg7 Nxc3 14. bxc3 Kxg7 15. g4 Be6 16. Rb1 Rb8 17. Rb6 Qd7 18. Bf3 Rfc8 19. Qe2 Rc6 20. Rxc6 bxc6 21. Qe5+ f6 22. Qxb8 Bxg4 23. Bxg4 Qxg4+ 24. Qg3 1-0

[Event "2025 Welsh Open"]
[Site "Mercure Cardiff North Hotel, Circle Way East, Llanedeyrn, Cardiff CF23 9XF"]
[Date "2025.04.20"]
[Round "5"]
[Board "6"]
[White "Thomas, Kevin"]
[Black "Williams, Stephen"]
[Result "1-0"]
[WhiteElo "1719"]
[BlackElo "1701"]
[PlyCount "60"]
[GameId "2191927923010366"]
[EventDate "2025.04.18"]
[EventRounds "7"]
[EventCountry "WLS"]

1. d4 Nf6 2. Bf4 g6 3. Nc3 d5 4. e3 Bg7 5. h4 h5 6. Bd3 c6 7. Qd2 Nbd7 8. Nf3 Ng4 9. O-O-O b5 10. e4 b4 11. Na4 Qa5 12. b3 O-O 13. a3 c5 14. exd5 cxd4 15. axb4 Qxd5 16. Rhe1 Ndf6 17. Rxe7 Bd7 18. Nc5 Rac8 19. Bc4 Qc6 20. Nxd4 Qxg2 21. Nxd7 Nxd7 22. Rxd7 Nxf2 23. Be3 Qg4 24. Qxf2 Qxd7 25. Ne6 Qb7 26. Nxf8 Bxf8 27. Rf1 Rc7 28. Bd4 Bxb4 29. Qf6 Ba3+ 30. Kb1 Bb4 1-0

[Event "2025 Welsh Open"]
[Site "Mercure Cardiff North Hotel, Circle Way East, Llanedeyrn, Cardiff CF23 9XF"]
[Date "2025.04.20"]
[Round "5"]
[Board "10"]
[White "George, Naveen Daniel"]
[Black "White, Sam"]
[Result "1-0"]
[WhiteElo "1591"]
[BlackElo "1670"]
[PlyCount "75"]
[GameId "2191927923022658"]
[EventDate "2025.04.18"]
[EventRounds "7"]
[EventCountry "WLS"]

1. e4 e5 2. Nf3 d6 3. d4 Bg4 4. d5 Nf6 5. Nc3 Be7 6. Be2 O-O 7. O-O Nbd7 8. Be3 Bxf3 9. Bxf3 Re8 10. Ne2 Nf8 11. Ng3 N6d7 12. c4 Bg5 13. Qd2 Bxe3 14. Qxe3 Ng6 15. b4 Qh4 16. Nf5 Qf4 17. Qd3 Nh4 18. Nxh4 Qxh4 19. Rfc1 f5 20. c5 fxe4 21. Bxe4 Nf6 22. f3 a6 23. g3 Qg5 24. cxd6 cxd6 25. Rc7 Rab8 26. Rac1 b5 27. R1c6 Red8 28. Rxa6 Ne8 29. Bxh7+ Kh8 30. Rcc6 Rdc8 31. Be4 Qd8 32. Qf1 Rxc6 33. Rxc6 Rb6 34. Qh3+ Kg8 35. Qe6+ Kf8 36. Rc8 Qe7 37. Qf5+ Qf6 38. Qh5 1-0

[Event "2025 Welsh Open"]
[Site "Mercure Cardiff North Hotel, Circle Way East, Llanedeyrn, Cardiff CF23 9XF"]
[Date "2025.04.20"]
[Round "5"]
[Board "11"]
[White "Rhydderch, Sam"]
[Black "Jones, Steve"]
[Result "0-1"]
[WhiteElo "1759"]
[BlackElo "1777"]
[PlyCount "122"]
[GameId "2191927923022659"]
[EventDate "2025.04.18"]
[EventRounds "7"]
[EventCountry "WLS"]

1. e4 d6 2. d4 Nf6 3. Nc3 Nbd7 4. f4 c6 5. Nf3 Qc7 6. Be3 b5 7. Bd3 e5 8. Qd2 Ng4 9. O-O Nxe3 10. Qxe3 Be7 11. b4 Bf6 12. f5 Qb6 13. Qf2 exd4 14. Ne2 c5 15. bxc5 dxc5 16. Nf4 Bb7 17. Nh5 O-O 18. Nxf6+ Nxf6 19. Rab1 Nxe4 20. Qh4 Nf6 21. Rxb5 Qc6 22. Qg3 c4 23. Nxd4 Qd7 24. Rxb7 Qxd4+ 25. Qf2 Qxf2+ 26. Rxf2 cxd3 27. cxd3 Rfd8 28. Rd2 Ne4 29. Re2 Nd6 30. Rc7 Nxf5 31. g4 Nd6 32. Ree7 a5 33. a4 Kf8 34. Kf2 Rac8 35. Ra7 Rc2+ 36. Re2 Rc5 37. Ree7 Kg8 38. Rad7 Rxd7 39. Rxd7 Ne8 40. d4 Rc4 41. d5 Kf8 42. d6 Rd4 43. Rd8 Rxd6 44. Rxd6 Nxd6 45. Ke3 Nc4+ 46. Kd4 Nb6 47. Kc5 Nxa4+ 48. Kb5 Nc3+ 49. Kxa5 Ke7 50. Kb4 Ne4 51. Kc4 Kf6 52. Kd4 Nf2 53. h3 Nxh3 54. Ke4 Kg5 55. Kf3 Kh4 56. Kg2 Kxg4 57. Kh1 f5 58. Kg2 f4 59. Kh1 f3 60. Kh2 f2 61. Kg2 g5 0-1

[Event "2025 Welsh Open"]
[Site "Mercure Cardiff North Hotel, Circle Way East, Llanedeyrn, Cardiff CF23 9XF"]
[Date "2025.04.20"]
[Round "5"]
[Board "12"]
[White "Williams, John A"]
[Black "Quinn, Peter"]
[Result "0-1"]
[WhiteElo "1644"]
[BlackElo "1770"]
[PlyCount "68"]
[GameId "2191927923026756"]
[EventDate "2025.04.18"]
[EventRounds "7"]
[EventCountry "WLS"]

1. d4 c5 2. d5 d6 3. c4 e5 4. e4 g6 5. Nc3 Bg7 6. Be3 Nf6 7. Be2 Bd7 8. h4 h5 9. Nh3 Ng4 10. Bxg4 Bxg4 11. f3 Bxh3 12. Rxh3 a6 13. Qb3 Qc7 14. g4 Nd7 15. g5 O-O 16. Rg3 Rab8 17. Kf2 Kh7 18. Rag1 Nb6 19. Bd2 Nc8 20. Ne2 b5 21. f4 bxc4 22. Qf3 exf4 23. Nxf4 Rxb2 24. Kg2 Rxd2+ 25. Kh1 Qe7 26. Nxh5 gxh5 27. Qxh5+ Kg8 28. g6 Qxe4+ 29. R1g2 fxg6 30. Rxg6 Rf1+ 31. Kh2 Rxg2+ 32. Rxg2 Qf4+ 33. Rg3 Rf2+ 34. Kh3 Qf5+ 0-1

[Event "2025 Welsh Open"]
[Site "Mercure Cardiff North Hotel, Circle Way East, Llanedeyrn, Cardiff CF23 9XF"]
[Date "2025.04.20"]
[Round "5"]
[Board "13"]
[White "Parri, Deio"]
[Black "Larg, Richard"]
[Result "1/2-1/2"]
[WhiteElo "1745"]
[BlackElo "1629"]
[PlyCount "79"]
[GameId "2191927923026757"]
[EventDate "2025.04.18"]
[EventRounds "7"]
[EventCountry "WLS"]

1. d4 d5 2. c4 Nf6 3. Nc3 e6 4. Nf3 c6 5. Bg5 Be7 6. e3 O-O 7. Bd3 Nbd7 8. O-O c5 9. cxd5 Nxd5 10. Bxe7 Qxe7 11. Re1 Nxc3 12. bxc3 b6 13. Qc2 g6 14. Rac1 Bb7 15. Be4 Bxe4 16. Qxe4 Nf6 17. Qd3 Nd7 18. Qe4 f5 19. Qf4 Rfe8 20. e4 fxe4 21. Qxe4 cxd4 22. cxd4 Qb4 23. Qc6 Nf8 24. d5 Rac8 25. Qb7 Rxc1 26. Rxc1 Qf4 27. Re1 Qf7 28. Qc6 Qd7 29. Qxd7 Nxd7 30. dxe6 Nc5 31. Nd4 Kg7 32. Re3 Kf6 33. e7 a6 34. Nc6 Nb7 35. Rf3+ Ke6 36. Rf8 Nd6 37. Rxe8 Nxe8 38. Kf1 Kd6 39. Nd4 Kxe7 40. Ke2 1/2-1/2

[Event "2025 Welsh Open"]
[Site "Mercure Cardiff North Hotel, Circle Way East, Llanedeyrn, Cardiff CF23 9XF"]
[Date "2025.04.20"]
[Round "5"]
[Board "14"]
[White "Blackmore, Simon"]
[Black "Hollyman, Mike"]
[Result "1-0"]
[WhiteElo "1727"]
[BlackElo "1606"]
[PlyCount "61"]
[GameId "2191927923026758"]
[EventDate "2025.04.18"]
[EventRounds "7"]
[EventCountry "WLS"]

1. e4 c6 2. Nf3 d5 3. exd5 cxd5 4. Ne5 Nf6 5. d4 e6 6. c3 Nbd7 7. f4 a6 8. Bd3 b5 9. a3 Bb7 10. O-O Be7 11. Qe2 Qc7 12. Nd2 Nxe5 13. fxe5 Nd7 14. Nf3 h6 15. Be3 O-O 16. Nd2 Bc8 17. Qh5 f5 18. Rf3 Kh7 19. Rh3 Rh8 20. Bxh6 g6 21. Qe2 Kg8 22. Rf1 Qd8 23. Rff3 Bh4 24. Be3 g5 25. Bxf5 exf5 26. Rxf5 Nf8 27. Bxg5 Bxg5 28. Rxg5+ Kf7 29. Qf3+ Ke8 30. Rxh8 Qxg5 31. Qxf8+ 1-0

[Event "2025 Welsh Open"]
[Site "Mercure Cardiff North Hotel, Circle Way East, Llanedeyrn, Cardiff CF23 9XF"]
[Date "2025.04.20"]
[Round "5"]
[Board "15"]
[White "Murthy, Arush"]
[Black "Hammett, Scott"]
[Result "1-0"]
[WhiteElo "1539"]
[BlackElo "1669"]
[PlyCount "103"]
[GameId "2191927923030855"]
[EventDate "2025.04.18"]
[EventRounds "7"]
[EventCountry "WLS"]

1. d4 f5 2. c4 Nf6 3. Nc3 e6 4. Bf4 Be7 5. Nf3 O-O 6. e3 b6 7. Bd3 Bb7 8. Qc2 a6 9. Bg5 d6 10. e4 fxe4 11. Nxe4 Nbd7 12. Nxf6+ Nxf6 13. Bxf6 Bxf6 14. Bxh7+ Kf7 15. Bg6+ Ke7 16. Be4 c6 17. O-O Rc8 18. Qe2 Qc7 19. Bf5 e5 20. Bxc8 Bxc8 21. dxe5 dxe5 22. h3 Kf7 23. Rfe1 Kg8 24. Qe3 c5 25. Ng5 Bf5 26. Ne4 Bh4 27. Ng3 Qf7 28. Nxf5 Qxf5 29. Re2 Bf6 30. Qe4 Qh5 31. Qg4 Qe8 32. Rae1 Qc6 33. b3 Rd8 34. Rxe5 Bxe5 35. Rxe5 Qd7 36. Qxd7 Rxd7 37. Re2 Kf7 38. g3 b5 39. cxb5 axb5 40. Rc2 Rd5 41. Kg2 Ke6 42. Kf1 g5 43. Ke1 Kd6 44. Rd2 Rd4 45. Rxd4+ cxd4 46. Kd2 Kc5 47. Kd3 b4 48. h4 gxh4 49. gxh4 Kd5 50. h5 Ke5 51. h6 Kf6 52. Kxd4 1-0

[Event "2025 Welsh Open"]
[Site "Mercure Cardiff North Hotel, Circle Way East, Llanedeyrn, Cardiff CF23 9XF"]
[Date "2025.04.20"]
[Round "5"]
[Board "16"]
[White "Wilkins, Zack"]
[Black "Thompson, Chris"]
[Result "1-0"]
[WhiteElo "1663"]
[BlackElo "1551"]
[PlyCount "41"]
[GameId "2191927923030856"]
[EventDate "2025.04.18"]
[EventRounds "7"]
[EventCountry "WLS"]

1. e4 e6 2. d4 d5 3. e5 c5 4. c3 Nc6 5. Nf3 h6 6. Bd3 Qb6 7. O-O cxd4 8. cxd4 Nxd4 9. Nxd4 Bd7 10. Nf3 Bc5 11. Nc3 Ne7 12. Na4 Bxa4 13. Qxa4+ Nc6 14. a3 O-O 15. Qg4 Qb3 16. Bxh6 g6 17. Bxg6 f5 18. Bxf5+ Kf7 19. Qg6+ Ke7 20. Qxe6+ Kd8 21. Qd7# 1-0

[Event "2025 Welsh Open"]
[Site "Mercure Cardiff North Hotel, Circle Way East, Llanedeyrn, Cardiff CF23 9XF"]
[Date "2025.04.20"]
[Round "5"]
[Board "18"]
[White "Hill, Glyn"]
[Black "Blankley, Toby"]
[Result "0-1"]
[WhiteElo "1518"]
[BlackElo "1566"]
[PlyCount "122"]
[GameId "2191927923034954"]
[EventDate "2025.04.18"]
[EventRounds "7"]
[EventCountry "WLS"]

1. d4 Nf6 2. Bf4 e6 3. Nd2 b6 4. Ngf3 Bb7 5. e3 c5 6. c3 Nc6 7. Bd3 d5 8. Qa4 Bd6 9. Bg5 O-O 10. Qc2 h6 11. Bh4 Rc8 12. e4 dxe4 13. Nxe4 Be7 14. O-O-O cxd4 15. Be2 Nb4 16. Nxf6+ Bxf6 17. Qa4 Nxa2+ 18. Qxa2 Bxh4 19. Rxd4 Bg5+ 20. Kb1 Qe7 21. Ba6 Bf6 22. Bxb7 Qxb7 23. Rd3 Qe4 24. Rhd1 Rfd8 25. Qa6 Rxd3 26. Qxd3 Qxd3+ 27. Rxd3 Rc7 28. Nd4 Rd7 29. Kc2 Bxd4 30. cxd4 Kf8 31. Kc3 Rd5 32. Kc4 Ke7 33. Ra3 Rd7 34. b4 Kd6 35. Rg3 f6 36. Ra3 Rc7+ 37. Kb5 Kd5 38. Re3 e5 39. dxe5 fxe5 40. g3 Rc2 41. Ka6 Rxf2 42. Kxa7 Rb2 43. Kxb6 Rxb4+ 44. Kc7 Re4 45. Rd3+ Rd4 46. Ra3 Rc4+ 47. Kd7 e4 48. Ra6 Kd4 49. Rd6+ Ke3 50. Rg6 Ra4 51. h4 Ke2 52. g4 Ra3 53. h5 e3 54. Ke7 Kf2 55. g5 e2 56. gxh6 e1=Q+ 57. Kf7 Ra7+ 58. Kg8 gxh6 59. Rf6+ Kg3 60. Rg6+ Kh4 61. Kh8 Qe7 0-1

[Event "2025 Welsh Open"]
[Site "Mercure Cardiff North Hotel, Circle Way East, Llanedeyrn, Cardiff CF23 9XF"]
[Date "2025.04.21"]
[Round "6"]
[Board "1"]
[White "De La Cruz Loredo, Ivan"]
[Black "Tapp, James"]
[Result "1/2-1/2"]
[WhiteElo "2079"]
[BlackElo "1986"]
[PlyCount "51"]
[GameId "2191928087627104"]
[EventDate "2025.04.18"]
[EventRounds "7"]
[EventCountry "WLS"]

1. Nf3 d5 2. b3 Nf6 3. Bb2 Bf5 4. g3 c5 5. Bg2 Nc6 6. O-O e6 7. d3 h6 8. Nbd2 Bh7 9. Re1 Be7 10. Ne5 Nxe5 11. Bxe5 O-O 12. c4 Qd7 13. cxd5 exd5 14. Nf3 Rfd8 15. Bb2 Rac8 16. Qd2 Bf5 17. Rac1 b6 18. Red1 a5 19. a4 d4 20. e4 dxe3 21. Qxe3 Qe6 22. d4 Qxe3 23. fxe3 Be6 24. Rd3 Bf5 25. Rdd1 Be6 26. Bf1 1/2-1/2

[Event "2025 Welsh Open"]
[Site "Mercure Cardiff North Hotel, Circle Way East, Llanedeyrn, Cardiff CF23 9XF"]
[Date "2025.04.21"]
[Round "6"]
[Board "2"]
[White "Adams, Mark"]
[Black "Van Veelen, Thomas"]
[Result "1-0"]
[WhiteElo "1916"]
[BlackElo "2055"]
[PlyCount "43"]
[GameId "2191928087631201"]
[EventDate "2025.04.18"]
[EventRounds "7"]
[EventCountry "WLS"]

1. e4 e6 2. d4 d5 3. Nc3 Bb4 4. e5 c5 5. Bd2 Ne7 6. Nb5 Bxd2+ 7. Qxd2 O-O 8. f4 a6 9. Nd6 cxd4 10. Nf3 Nbc6 11. Bd3 f6 12. O-O Bd7 13. Nxb7 Qb6 14. Nd6 Be8 15. Nxe8 Raxe8 16. a3 fxe5 17. fxe5 Nf5 18. Qg5 Re7 19. g4 Ne3 20. Bxh7+ Kxh7 21. Qh5+ Kg8 22. Ng5 1-0

[Event "2025 Welsh Open"]
[Site "Mercure Cardiff North Hotel, Circle Way East, Llanedeyrn, Cardiff CF23 9XF"]
[Date "2025.04.21"]
[Round "6"]
[Board "3"]
[White "Van Noorden, Nicolas"]
[Black "Thomas, Kevin"]
[Result "0-1"]
[WhiteElo "1888"]
[BlackElo "1719"]
[PlyCount "92"]
[GameId "2191928087631202"]
[EventDate "2025.04.18"]
[EventRounds "7"]
[EventCountry "WLS"]

1. Nf3 Nf6 2. d3 g6 3. e4 d6 4. g3 Bg7 5. Bg2 O-O 6. O-O e5 7. Nbd2 Nc6 8. c3 h6 9. Nh4 Kh7 10. Qe1 Nh5 11. Nc4 f5 12. Ne3 f4 13. Nd5 Ne7 14. b3 c6 15. Nxe7 Qxe7 16. Bb2 Bf6 17. Nf3 g5 18. h3 g4 19. hxg4 Bxg4 20. Nh2 Bd7 21. g4 Rg8 22. Qd1 f3 23. Bxf3 Nf4 24. Kh1 Bh4 25. Bc1 Raf8 26. Be3 Nh3 27. Qe2 Bg5 28. Rfd1 Bf4 29. Kg2 Bxh2 30. Kxh3 Bf4 31. Rg1 Qg5 32. Rg3 Rf6 33. Rh1 Qg7 34. Kg2 Bxg3 35. Kxg3 Rg6 36. Rh4 Rf8 37. Bg2 Kg8 38. f4 exf4+ 39. Bxf4 Qf6 40. Qd2 Qxh4+ 41. Kxh4 Rxg4+ 42. Kh3 Rfxf4 43. Kh2 Rf6 44. Qe1 Rg5 45. Qe3 Rfg6 46. Bf3 Rg3 0-1

[Event "2025 Welsh Open"]
[Site "Mercure Cardiff North Hotel, Circle Way East, Llanedeyrn, Cardiff CF23 9XF"]
[Date "2025.04.21"]
[Round "6"]
[Board "5"]
[White "Sharhorodsky, Yaroslav"]
[Black "Sipho, Donovan"]
[Result "1-0"]
[WhiteElo "1703"]
[BlackElo "1787"]
[PlyCount "71"]
[GameId "2191928087635300"]
[EventDate "2025.04.18"]
[EventRounds "7"]
[EventCountry "WLS"]

1. e4 c5 2. Nf3 Nc6 3. Bb5 d6 4. e5 a6 5. Bxc6+ bxc6 6. Qe2 d5 7. c4 e6 8. Nc3 Ne7 9. Na4 Nf5 10. b3 Nd4 11. Nxd4 cxd4 12. c5 Qa5 13. Ba3 Qb5 14. d3 a5 15. O-O Ba6 16. Rfd1 Qb8 17. Nb6 Ra7 18. Rac1 Rb7 19. Bb2 Bxc5 20. Rxc5 Rxb6 21. Rxa5 Bc8 22. Bxd4 Rb5 23. Rxb5 Qxb5 24. Qc2 O-O 25. Bc5 Re8 26. a4 Qa6 27. d4 Bd7 28. Rd3 Rb8 29. Rh3 h6 30. Rg3 Be8 31. Qd2 Qxa4 32. h4 Rxb3 33. Qd1 Ra3 34. Rxg7+ Kxg7 35. Qg4+ Kh7 36. Bf8 1-0

[Event "2025 Welsh Open"]
[Site "Mercure Cardiff North Hotel, Circle Way East, Llanedeyrn, Cardiff CF23 9XF"]
[Date "2025.04.21"]
[Round "6"]
[Board "6"]
[White "Jones, Steve"]
[Black "Vlkova, Anezka"]
[Result "0-1"]
[WhiteElo "1777"]
[BlackElo "1979"]
[PlyCount "54"]
[GameId "2191928087639397"]
[EventDate "2025.04.18"]
[EventRounds "7"]
[EventCountry "WLS"]

1. d4 d5 2. Nf3 e6 3. e3 Nf6 4. Bd3 c5 5. b3 Nc6 6. a3 Bd6 7. Bb2 Ne4 8. Nbd2 f5 9. O-O O-O 10. Ne5 Qh4 11. Ndf3 Qh5 12. Be2 Qh6 13. c4 cxd4 14. exd4 g5 15. h3 Qg7 16. Nxc6 bxc6 17. Ne5 Bb7 18. Rc1 c5 19. Nd3 cxd4 20. c5 Bc7 21. Nb4 Bf4 22. Rc2 a5 23. Nd3 Bc7 24. c6 Ba6 25. Nc5 Nxc5 26. Rxc5 Qe5 27. f4 Qxe2 0-1

[Event "2025 Welsh Open"]
[Site "Mercure Cardiff North Hotel, Circle Way East, Llanedeyrn, Cardiff CF23 9XF"]
[Date "2025.04.21"]
[Round "6"]
[Board "7"]
[White "Turner, George"]
[Black "George, Naveen Daniel"]
[Result "1-0"]
[WhiteElo "1975"]
[BlackElo "1591"]
[PlyCount "61"]
[GameId "2191928087639398"]
[EventDate "2025.04.18"]
[EventRounds "7"]
[EventCountry "WLS"]

1. e4 c5 2. Nf3 d6 3. d4 cxd4 4. Nxd4 Nf6 5. Nc3 a6 6. Bg5 e6 7. f4 Be7 8. Qf3 Qc7 9. O-O-O Nbd7 10. g4 b5 11. Bxf6 Nxf6 12. g5 Nd7 13. f5 Bxg5+ 14. Kb1 Ne5 15. Qh5 Bf6 16. Nxe6 Bxe6 17. fxe6 Rc8 18. Bh3 O-O 19. exf7+ Nxf7 20. Bxc8 Rxc8 21. Qe2 Bxc3 22. bxc3 Qxc3 23. Qd3 Qb4+ 24. Qb3 Qxe4 25. Rhe1 Qg6 26. Re6 Qg5 27. Rexd6 a5 28. Qe6 Rf8 29. Rf1 h6 30. Rd7 Qh5 31. Rf5 1-0

[Event "2025 Welsh Open"]
[Site "Mercure Cardiff North Hotel, Circle Way East, Llanedeyrn, Cardiff CF23 9XF"]
[Date "2025.04.21"]
[Round "6"]
[Board "8"]
[White "Browse, Joseph"]
[Black "Malibiran, Alexis Kristoff"]
[Result "1/2-1/2"]
[WhiteElo "1804"]
[BlackElo "1505"]
[PlyCount "136"]
[GameId "2191928087643495"]
[EventDate "2025.04.18"]
[EventRounds "7"]
[EventCountry "WLS"]

1. e4 c5 2. Nf3 g6 3. c3 Bg7 4. d4 cxd4 5. cxd4 d5 6. e5 a6 7. h3 Bf5 8. Nc3 e6 9. Qa4+ Nc6 10. Be2 Nge7 11. O-O O-O 12. Nh2 Qb6 13. Rd1 Nb4 14. a3 Bc2 15. Qxb4 Qxb4 16. axb4 Bxd1 17. Bxd1 Nc6 18. Nf3 Nxb4 19. Be2 b5 20. Bd2 Rfc8 21. Na2 Nxa2 22. Rxa2 Bf8 23. b4 Rc6 24. Bxb5 Rb6 25. Be2 Bxb4 26. Bxb4 Rxb4 27. Rxa6 Rxa6 28. Bxa6 Rb1+ 29. Kh2 Kg7 30. g4 h6 31. Kg3 g5 32. h4 Rb3 33. hxg5 hxg5 34. Kg2 Kh6 35. Be2 Rb1 36. Ng1 Rb4 37. Nf3 Rb1 38. Bd3 Rd1 39. Bc2 Rc1 40. Ba4 Rb1 41. Be8 Kg6 42. Bxf7+ Kxf7 43. Nxg5+ Ke7 44. f4 Rb8 45. Nf3 Rg8 46. Kg3 Kd7 47. Nh4 Ke7 48. g5 Rb8 49. f5 exf5 50. Nxf5+ Ke6 51. Kg4 Rb1 52. Nh4 Rg1+ 53. Kf4 Rf1+ 54. Ke3 Kf7 55. Ng2 Kg6 56. Nf4+ Kxg5 57. Nxd5 Re1+ 58. Kd3 Rd1+ 59. Ke4 Kg6 60. Nf4+ Kf7 61. d5 Re1+ 62. Kf5 Ke7 63. Ng6+ Kd7 64. Nf4 Ke7 65. Nd3 Rd1 66. d6+ Kd7 67. Nc5+ Kc6 68. Ne6 Rxd6 1/2-1/2

[Event "2025 Welsh Open"]
[Site "Mercure Cardiff North Hotel, Circle Way East, Llanedeyrn, Cardiff CF23 9XF"]
[Date "2025.04.21"]
[Round "6"]
[Board "9"]
[White "Smith, Andrew R"]
[Black "Malibiran, Aldrin"]
[Result "0-1"]
[WhiteElo "1779"]
[BlackElo "1771"]
[PlyCount "88"]
[GameId "2191928087643496"]
[EventDate "2025.04.18"]
[EventRounds "7"]
[EventCountry "WLS"]

1. e4 d6 2. d4 c6 3. Nf3 g6 4. Be3 Bg7 5. Bc4 Nf6 6. Nc3 b5 7. Bd3 Nbd7 8. O-O b4 9. Ne2 Ng4 10. Bd2 c5 11. h3 Ngf6 12. c3 bxc3 13. Bxc3 Bb7 14. dxc5 Nxc5 15. Bb5+ Kf8 16. e5 Nd5 17. exd6 Qxd6 18. Bxg7+ Kxg7 19. Qd4+ f6 20. Ng3 Ne6 21. Qg4 h5 22. Nf5+ Kh7 23. Nxd6 hxg4 24. Nxb7 gxf3 25. Bc4 fxg2 26. Rfe1 Nef4 27. Bxd5 Nxd5 28. Rad1 Nf4 29. Rxe7+ Kh6 30. Nd6 Rh7 31. Rxh7+ Kxh7 32. Ne4 Rb8 33. b3 f5 34. Ng5+ Kh6 35. Nf3 Rc8 36. Ne1 Rc3 37. Nxg2 Nxh3+ 38. Kh2 Nxf2 39. Rf1 Ng4+ 40. Kg1 Rc2 41. Ra1 g5 42. a3 f4 43. b4 f3 44. Ne1 f2+ 0-1

[Event "2025 Welsh Open"]
[Site "Mercure Cardiff North Hotel, Circle Way East, Llanedeyrn, Cardiff CF23 9XF"]
[Date "2025.04.21"]
[Round "6"]
[Board "10"]
[White "Thomas, Mark"]
[Black "Blackmore, Simon"]
[Result "1-0"]
[WhiteElo "1898"]
[BlackElo "1727"]
[PlyCount "45"]
[GameId "2191928087647593"]
[EventDate "2025.04.18"]
[EventRounds "7"]
[EventCountry "WLS"]

1. e4 e5 2. Nf3 Nc6 3. Bb5 a6 4. Ba4 b5 5. Bb3 Nf6 6. O-O Bc5 7. c3 d6 8. h3 O-O 9. d4 exd4 10. cxd4 Bb6 11. Bg5 Bb7 12. Nc3 h6 13. Bh4 g5 14. Bg3 b4 15. Nd5 Nxe4 16. Bh2 Ba7 17. Ne3 Qf6 18. Bc2 Nxd4 19. Nxd4 Bxd4 20. Ng4 Bxf2+ 21. Rxf2 Qg7 22. Bxe4 Bxe4 23. Nf6+ 1-0

[Event "2025 Welsh Open"]
[Site "Mercure Cardiff North Hotel, Circle Way East, Llanedeyrn, Cardiff CF23 9XF"]
[Date "2025.04.21"]
[Round "6"]
[Board "11"]
[White "Quinn, Peter"]
[Black "Murthy, Arush"]
[Result "0-1"]
[WhiteElo "1770"]
[BlackElo "1539"]
[PlyCount "126"]
[GameId "2191928087651690"]
[EventDate "2025.04.18"]
[EventRounds "7"]
[EventCountry "WLS"]

1. e4 d5 2. exd5 Nf6 3. d4 Nxd5 4. c4 Nb6 5. Be3 g6 6. Nc3 Bg7 7. h3 O-O 8. Nf3 Nc6 9. Rc1 e5 10. d5 Ne7 11. Be2 f5 12. b3 Kh8 13. O-O e4 14. Nh2 Nd7 15. Qd2 Nf6 16. f3 exf3 17. Bxf3 Neg8 18. Rfe1 a6 19. c5 Re8 20. b4 Ne4 21. Nxe4 fxe4 22. Bg4 Bxg4 23. Nxg4 Nf6 24. Nxf6 Qxf6 25. Rf1 Qe7 26. Rf2 Qd7 27. Rcf1 Rad8 28. Rf7 Qxd5 29. Qxd5 Rxd5 30. Rxc7 Rd3 31. Rff7 Be5 32. Rxh7+ Kg8 33. Kf2 Bxc7 34. Rxc7 Rf8+ 35. Ke2 Rf7 36. Rc8+ Kg7 37. Re8 Ra3 38. Bd4+ Kh6 39. Be3+ Kg7 40. Bd4+ Kh6 41. Be3+ g5 42. Re6+ Kh7 43. Bxg5 Rxa2+ 44. Bd2 Kg7 45. h4 Kh7 46. h5 Rg7 47. Rh6+ Kg8 48. Rg6 Rxg6 49. hxg6 Kg7 50. Ke3 Kxg6 51. g3 Kf5 52. Be1 Kg4 53. Bf2 Kf5 54. Be1 Ra1 55. Bd2 Ra3+ 56. Kf2 Kg4 57. Bf4 Rf3+ 58. Ke2 Rxf4 59. gxf4 Kxf4 60. Kf2 e3+ 61. Ke2 Ke4 62. Ke1 Kd3 63. Kd1 Kc3 0-1